Remington Farmacia. /
Guardado en:
| Otros Autores: | , |
|---|---|
| Formato: | Libro |
| Idioma: | Spanish English |
| Publicado: |
Buenos Aires :
Editorial Médica Panamericana,
c2003.
|
| Edición: | 20a. ed. |
| Materias: | |
| Etiquetas: |
Agregar Etiqueta
Sin Etiquetas, Sea el primero en etiquetar este registro!
|
| LEADER | 01762nam a22003135a 4500 | ||
|---|---|---|---|
| 001 | EIQ.libpla004242 | ||
| 008 | 060712s2003####ag#a#####b####001#0#spa#d | ||
| 005 | 20121106140054.0 | ||
| 245 | 0 | 0 | |a Remington Farmacia. / |c presidente del comité editorial y director, Alfonso R. Gennaro. |
| 250 | |a 20a. ed. | ||
| 260 | |a Buenos Aires : |b Editorial Médica Panamericana, |c c2003. | ||
| 300 | |a 2 v. (xvi, 2506 p.) : |b il. ; |c 28 cm. | ||
| 500 | |a Traducción de: Remington : the science and practice of pharmacy, 20th ed.; publicado por Lippincott Williams & Wilkins, c2000. | ||
| 505 | 0 | |a v. 1. pte. 1. Orientación -- pte. 2. Ciencia farmacéutica -- pte. 3. Química farmacéutica -- pte. 4. Pruebas, análisis y control farmacéuticos -- pte. 5. Farmacia industrial -- pte. 6. Farmacodinámica. | |
| 505 | 0 | |a v. 2. pte. 7. Agentes farmacéuticos y medicinales -- pte. 8. Práctica de la farmacia: 8A. Administración de la farmacia; 8B. Nociones fundamentales de la práctica de la farmacia; 8C. Cuidados del paciente -- Apéndices -- Glosario e índice -- Glosario -- Índice analítico. | |
| 504 | |a Incluye referencias bibliográficas e índice. | ||
| 020 | |a 9500650819 (obra completa Argentina) | ||
| 020 | |a 847903663X (obra completa España) | ||
| 020 | |a 8479036613 (v. 1) 9500618664 | ||
| 020 | |a 8479036621 (v. 2) 9500618672 | ||
| 700 | 1 | |a Gennaro, Alfonso R. | |
| 700 | 1 | |a Remington, Joseph P. |q (Joseph Price), |d 1847-1918. | |
| 246 | 3 | 0 | |a Remington: Ciencia y práctica de la farmacia |
| 082 | 0 | 4 | |a 615.1 |2 21 |
| 650 | 7 | |a Farmacia |x Formulaciones |x Drogas | |
| 650 | 7 | |a Pharmacy |x Formulations |x Drugs | |
| 041 | 1 | |a spa |h eng | |
| 859 | |a AR-BbSID |b BIB. PLAPIQUI |h 615.1 |i R284 |p 6197 |v 1 |3 Tomo 1 | ||
| 859 | |a AR-BbSID |b BIB. PLAPIQUI |h 615.1 |i R284 |p 6198 |v 2 |3 Tomo 2 | ||
